000 00422nam a2200181Ia 4500
001 15995
005 20260306170237.0
008 260306t2016||||xx |||||||||||||| ||und||
041 _aESP
082 _a346.52
_bE88 2016
100 _aEspinoza Espinoza, Juan
_eAUT
245 0 _aDerecho de la responsabilidad civil
260 _c2016
300 _a
_c
650 _aGEN
654 _aCDE
942 _cLIB
_dJUS
_fJUS
_2ddc
_n
999 _c15995
_d15995